000 00521nam a2200217Ia 4500
003 0100
008 130303s9999 xx 000 0 und d
020 _a582362415
040 _cARRUPELIB
050 _aPA2087.K42 1973
100 _aKennedy, Benjamin Hall
245 4 _aThe shorter Latin primer
260 _aLondon
260 _bLongman
260 _C1973
300 _aviii
300 _b 113p. 20cm.
650 _bOrganizational effectiveness -- Africa
700 _aBenjamin Hall Kennedy
942 0 0 _05
999 _c12757
_d12757